Zgadniesz jakie to państwo 2# - Statystyki

Ogólne statystyki
  • Ten quiz został rozwiązany 13 razy
    11 od ostatniego zresetowania
  • Średni wynik to 5 z 12
Statystyki odpowiedzi
Obrazkowy Odpowiedź % Poprawnych
Senegal
88%
Cypr
63%
Islandia
63%
Chiny
50%
Kamerun
38%
USA/Stany Zjednoczone
38%
Watykan
38%
Bangladesz
25%
Grecja
25%
Polska/Podlasie
25%
Ukraina
25%
Wenezuela
25%
Nie znaleziono quizów pasujących do podanych kryteriów
Rozkład punktacji
Procent ludzi z każdym wynikiem
Percentyl według liczby udzielonych odpowiedzi
Twoja historia wyników
Nie rozwiązałeś tego quizu od ostatniego zresetowania